000 00437nam a2200169 a 4500
001 34186
005 20180714002255.0
008 140415s1975 000 0 spa d
041 _aspa
082 _a330
_bSIL
100 1 _aSILK, LEONARD S.
245 1 0 _aCONTEMPORARY ECONOMICS :
_bPRINCIPLES AND ISSUES
250 _a2a ed.
260 _a[s.l.] :
_bMCGRAW HILL, INC.,
_c1975
300 _a591
650 1 4 _aECONOMIA
999 _c34186
_d34186